000 00349cam a2200145ua 4500
041 _aeng
_h
082 _a824
_bADD/SP
100 _aAddison, Steele .
245 _aSpectator /
_cSteele Addison.
_hTextual Documents
260 _aLondon :
_bJ M Dent and Sons Ltd ,
_c1958.
300 _a340 ; .
504 _a
942 _cBK
999 _c8862
_d8862